Advanced MS-DOS programming : (Record no. 541789)
[ view plain ]
| 000 -LEADER | |
|---|---|
| fixed length control field | 00725cam a2200205 a 4500 |
| 020 ## - INTERNATIONAL STANDARD BOOK NUMBER | |
| International Standard Book Number | 0914845772 : |
| 082 00 - DEWEY DECIMAL CLASSIFICATION NUMBER | |
| Classification number | 005.446 |
| Author Mark | DUN |
| -- | D |
| 100 1# - MAIN ENTRY--PERSONAL NAME | |
| Personal name | Duncan, Ray, |
| 9 (RLIN) | 36835 |
| 245 10 - TITLE STATEMENT | |
| Title | Advanced MS-DOS programming : |
| Remainder of title | the Microsoft guide for Assembly language and C programmers / |
| Statement of responsibility, etc. | Ray Duncan. |
| 260 ## - PUBLICATION, DISTRIBUTION, ETC. | |
| Place of publication, distribution, etc. | Redmond, Wash. : |
| Name of publisher, distributor, etc. | Microsoft Press, |
| Date of publication, distribution, etc. | 1988. |
| 300 ## - PHYSICAL DESCRIPTION | |
| Extent | xii, 468 p. : |
| Other physical details | ill. ; |
| Dimensions | 24 cm. |
| 500 ## - GENERAL NOTE | |
| General note | Includes index. |
| 526 ## - STUDY PROGRAM INFORMATION NOTE | |
| Program name | 0 |
| Interest level | 0 |
| Reading level | 0 |
| Title point value | 005_446000000000000_DUN |
| 526 ## - STUDY PROGRAM INFORMATION NOTE | |
| Program name | 0 |
| Interest level | 0 |
| Reading level | 0 |
| Title point value | 005_446000000000000_DUN |
| 526 ## - STUDY PROGRAM INFORMATION NOTE | |
| Program name | 0 |
| Interest level | 0 |
| Reading level | 0 |
| Title point value | 005_446000000000000_DUN |
| 650 #0 - SUBJECT ADDED ENTRY--TOPICAL TERM | |
| Topical term or geographic name entry element | Assembly languages (Electronic computers) |
| 9 (RLIN) | 18482 |
| 650 #0 - SUBJECT ADDED ENTRY--TOPICAL TERM | |
| Topical term or geographic name entry element | C (Computer program language) |
| 9 (RLIN) | 1226 |
| 650 #0 - SUBJECT ADDED ENTRY--TOPICAL TERM | |
| Topical term or geographic name entry element | MCE |
| 9 (RLIN) | 379 |
| 942 ## - ADDED ENTRY ELEMENTS (KOHA) | |
| Source of classification or shelving scheme | |
| Koha item type | Book |
| Withdrawn status | Lost status | Source of classification or shelving scheme | Damaged status | Not for loan | Permanent Location | Current Location | Date acquired | Total Checkouts | Full call number | Barcode | Date last seen | Copy number | Price effective from | Koha item type |
|---|---|---|---|---|---|---|---|---|---|---|---|---|---|---|
| Military College of Engineering (MCE) | Military College of Engineering (MCE) | 08/29/2013 | 005.446 DUN | MCE-41589 | 08/29/2013 | 1 | 08/29/2013 | Book | ||||||
| Military College of Engineering (MCE) | Military College of Engineering (MCE) | 08/29/2013 | 005.446 DUN | MCE-29180 | 08/29/2013 | 2 | 08/29/2013 | Book | ||||||
| Military College of Engineering (MCE) | Military College of Engineering (MCE) | 08/29/2013 | 005.446 DUN | MCE-30899 | 08/29/2013 | 3 | 08/29/2013 | Book |
